00406 a2200145 4500020001100000035001200011037004400023082000800067100002100075245005500096250001300151260004400164300003500208700001700243 c350.00 aB-88966 bRP-NN-12 / PANSY-05-06:1 / RP-05-06:ENG14a3021 aBaron, Robert A.1 aSocial psychologycby Robert A. Baron, Donn Byrnet a10th ed. aNew DelhibPrentice-Hall of Indiac2004 axxxii, 672 pbillc28 cm (pbk) aByrnet, Donn